000 00507nam a2200193Ia 4500
001 62020
008 080101n ii |||gr||||Z||||||asm
041 _aasm
082 _a891.414
100 _aBoro, Tarun,
_eAuthor.
245 0 _aBoro Jatiya Uttaranar Etibritta
_cBy Tarun Boro
_hTextual Documents
250 _aist ed.
260 _aGuwahati:
_bSpandan Prakash,
_c2012.
300 _apg 104:
_c23cm.
653 _aAssamese Essays
653 _aAssamese
653 _aDeptt- Assamese
942 _2ddc
_cBK
999 _c63128
_d63128